书目信息 |
| 题名: |
临终
|
|
| 作者: | 霍尔德 , 克兰顿 著 ;吴宇琦 , 方志燕 译 | |
| 分册: | ||
| 出版信息: | 上海 上海译文出版社 2006.09 |
|
| 页数: | 78页 | |
| 开本: | 18cm | |
| 丛书名: | ||
| 单 册: | ||
| 中图分类: | R48-62 | |
| 科图分类: | ||
| 主题词: | 临终关怀学--lin zhong guan huai xue--手册 | |
| 电子资源: | ||
| ISBN: | 7-5327-4082-X | |
| 000 | 01163nam0 2200277 450 | |
| 001 | 012007295444 | |
| 005 | 20071109082107.39 | |
| 010 | @a7-5327-4082-X@dCNY8.50 | |
| 100 | @a20071108d2006 km y0chiy0120 ea | |
| 101 | 1 | @achi@ceng |
| 102 | @aCN@b310000 | |
| 105 | @ay z 000yy | |
| 106 | @ar | |
| 200 | 1 | @a临终@Alin zhong@e精神关怀手册@f(美) J·S·霍尔德, J·A·克兰顿著@F(mei)J·S·huo er de,J·A·ke lan dun zhu@g吴宇琦, 方志燕译@Gwu yu qi,fang zhi yan yi |
| 210 | @a上海@c上海译文出版社@d2006.09 | |
| 215 | @a78页@d18cm | |
| 330 | @a本书的内容是每个人都会面对临终问题。如何在陪伴临终者的日子里,给予更多心灵的关爱?如何分担临终者的痛苦和恐惧,并帮助其完成遗愿?当亲人离世时,如何宽慰自己,而不让这成为精神上永久的伤害?本书是有关临终者精神关怀的图书。 | |
| 517 | 1 | @a精神关怀手册@Ajing shen guan huai shou ce |
| 606 | 0 | @a临终关怀学@Alin zhong guan huai xue@j手册 |
| 690 | @aR48-62@v4 | |
| 701 | 1 | @a霍尔德@Ahuo er de@g(Holder, J. S.)@4著 |
| 701 | 1 | @a克兰顿@Ake lan dun@g(Aldredge-Clanton, Jann)@4著 |
| 702 | 0 | @a吴宇琦@Awu yu qi@4译 |
| 702 | 0 | @a方志燕@Afang zhi yan@4译 |
| 801 | 0 | @aCN@b@c20071109 |
| 905 | @b264883-84@dR48-62@eH964@f2 | |
| 临终:精神关怀手册/(美) J·S·霍尔德, J·A·克兰顿著/吴宇琦, 方志燕译.-上海:上海译文出版社,2006.09 |
| 78页;18cm |
| ISBN 7-5327-4082-X:CNY8.50 |
| 本书的内容是每个人都会面对临终问题。如何在陪伴临终者的日子里,给予更多心灵的关爱?如何分担临终者的痛苦和恐惧,并帮助其完成遗愿?当亲人离世时,如何宽慰自己,而不让这成为精神上永久的伤害?本书是有关临终者精神关怀的图书。 |
| ● |
| 相关链接 |
|
|
|
正题名:临终
索取号:R48-62/H964
 
预约/预借
| 序号 | 登录号 | 条形码 | 馆藏地/架位号 | 状态 | 备注 |
| 1 | 264883 | 202648830 | 自科库401/401自科库 17排4列3层/ [索取号:R48-62/H964] | 在馆 | |
| 2 | 264884 | 202648849 | 自科库401/401自科库 17排4列3层/ [索取号:R48-62/H964] | 在馆 |